000 00559nam a2200181Ia 4500
008 090123s9999 xx 000 0 und d
082 _b22932
_a891.463/चांदोर
100 _aचांदोरकर निला
245 _aजीवनदाता
250 _a1
260 _bआरती प्रकाशन
_c1992
300 _a219
600 _aचांदोरकर निला
630 _aजीवनदाता
700 _aचांदोरकर निला
730 _aजीवनदाता
942 _cBOOK
999 _c61004
_d61004